• 首页
  • 本馆介绍
  • 公告通知
  • 最新文献
  • 馆藏检索
  • 电子资源
  • 读者导购
  • 参考咨询
  • 我的图书馆
  • 登录
  • 详细信息显示
  • 放入我的书架
  • 预约/预借图书
  • 作者相关作品
  • 分类相关作品
  • 丛书相关作品
  • 出版社相关作品

书目信息

  • 表格格式
  • 工作单格式
  • 卡片格式
题名:
无政府主义史话
    
 
作者: 林森木 , 田夫 编著
分册:  
出版信息: 广州   广东人民出版社  1981
页数: 94页
开本: 19cm
丛书名:
单 册:
中图分类: D091.6 , D121
科图分类:
主题词: 无政府主义-政治思想史 , 政治思想史-无政府主义 , 国际共产主义运动
电子资源:
ISBN:
000 00767nam0 2200289 45
001 0181002458
005 20040427150527.6
010    @dCNY0.26
091    @a3111.624
100    @a19950309d1981 em y0chiy0121 ea
101 0  @achi
102    @aCN@b440000
105    @ay z 000yy
106    @ar
200 10 @a无政府主义史话@Awu zheng fu zhu yi shi hua@f林森木,田夫编著
210    @a广州@c广东人民出版社@d1981
215    @a94页@d19cm
606    @a无政府主义-政治思想史
606    @a政治思想史-无政府主义
606 0  @a国际共产主义运动
690    @aD091.6@v3
690    @aD121
701  0 @a林森木@Alin sen mu@4编著
701  0 @a田夫@Atian fu@4编著
801  0 @aCN@b上海图书馆@c20040427
801  2 @aCN@bNLC@c20040427
905    @f4@b82248-251@dD121@e3
    
    无政府主义史话/林森木,田夫编著.-广州:广东人民出版社,1981
    94页;19cm
    
    
    ISBN :CNY0.26
    
●
相关链接 在E读中查询图书 在五车中查询图书 在当当中查询图书 在豆瓣中查询图书


正题名:无政府主义史话     索取号:D121/3         预约/预借

序号 登录号 条形码 馆藏地/架位号 状态 备注
1 0082248   001011363   第一借阅区/ [索取号:D121/3] 在馆    
2 0082249   001009679   密集书库/ [索取号:D121/3] 在馆    
3 0082250   001011354   密集书库/ [索取号:D121/3] 在馆    
4 0082251   001009651   密集书库/ [索取号:D121/3] 在馆    
5 0082252   001009688   第一样本阅览室/ [索取号:D121/3] 在馆    
唐山师范学院图书馆 欢迎您!
大连网信软件有限公司© 版权所有